<?xml version="1.0" encoding="UTF-8"?><?xml-stylesheet type="text/xsl" href="static/style.xsl"?><OAI-PMH xmlns="http://www.openarchives.org/OAI/2.0/" xmlns:xsi="http://www.w3.org/2001/XMLSchema-instance" xsi:schemaLocation="http://www.openarchives.org/OAI/2.0/ http://www.openarchives.org/OAI/2.0/OAI-PMH.xsd"><responseDate>2026-06-30T03:13:28Z</responseDate><request verb="GetRecord" identifier="oai:docta.ucm.es:20.500.14352/124987" metadataPrefix="marc">https://docta.ucm.es/rest/oai/request</request><GetRecord><record><header><identifier>oai:docta.ucm.es:20.500.14352/124987</identifier><datestamp>2025-10-17T00:11:02Z</datestamp><setSpec>com_20.500.14352_14</setSpec><setSpec>col_20.500.14352_15</setSpec></header><metadata><record xmlns="http://www.loc.gov/MARC21/slim" xmlns:dcterms="http://purl.org/dc/terms/" xmlns:xsi="http://www.w3.org/2001/XMLSchema-instance" xmlns:doc="http://www.lyncode.com/xoai" xsi:schemaLocation="http://www.loc.gov/MARC21/slim http://www.loc.gov/standards/marcxml/schema/MARC21slim.xsd">
   <leader>00925njm 22002777a 4500</leader>
   <datafield ind2=" " ind1=" " tag="042">
      <subfield code="a">dc</subfield>
   </datafield>
   <datafield ind2=" " ind1=" " tag="720">
      <subfield code="a">Ortega Paredes, David</subfield>
      <subfield code="e">author</subfield>
   </datafield>
   <datafield ind2=" " ind1=" " tag="720">
      <subfield code="a">Larrea Álvarez, César</subfield>
      <subfield code="e">author</subfield>
   </datafield>
   <datafield ind2=" " ind1=" " tag="720">
      <subfield code="a">Herrera, Michelle</subfield>
      <subfield code="e">author</subfield>
   </datafield>
   <datafield ind2=" " ind1=" " tag="720">
      <subfield code="a">Fernández Moreira, Esteban</subfield>
      <subfield code="e">author</subfield>
   </datafield>
   <datafield ind2=" " ind1=" " tag="720">
      <subfield code="a">Larrea Álvarez, Marco</subfield>
      <subfield code="e">author</subfield>
   </datafield>
   <datafield ind2=" " ind1=" " tag="260">
      <subfield code="c">2019</subfield>
   </datafield>
   <datafield ind2=" " ind1=" " tag="520">
      <subfield code="a">Knowledge of genetics is crucial for understanding genetic and genomic tests and for interpreting personal genomic information. Despite this relevance, no data are available about the level of knowledge of genetics in an Ecuadorian population. This investigation sought to survey such knowledge in undergraduate students affiliated with private and public institutions in Quito, the capital city of Ecuador. A total of 350 individuals responded to a validated questionnaire measuring knowledge of genetics. Scores ranged from 45% to 87% (mean: 66.8%), and students achieved slightly better results when asked about genetics and diseases (mean score: 68.3%) than when asked about genetic facts (mean score: 64.9%). Additionally, no significant differences in performance were found among students from private and public institutions. Surprisingly, the lower score obtained (45%) was from a question about how chromosomes are passed to the next generation. The highly educated status of the surveyed population could explain the overall results; nonetheless, the possibility that the correct responses were given by chance cannot be ignored. Therefore, the actual knowledge of genetics among the participants might be different than that revealed by the percentages of correct answers. Consequently, to achieve the goal of ensuring informed decision-making concerning genetic and genomic tests, it seems evident that the national education programs of Ecuador require improvement in the teaching of genetic concepts</subfield>
   </datafield>
   <datafield ind1="8" ind2=" " tag="024">
      <subfield code="a">Ortega-Paredes, David, et al. «Assessing Knowledge of Genetics in Undergraduate Students in Quito, Ecuador». F1000Research, vol. 8, agosto de 2019, p. 290. DOI.org (Crossref), https://doi.org/10.12688/f1000research.18394.2</subfield>
   </datafield>
   <datafield ind1="8" ind2=" " tag="024">
      <subfield code="a">10.12688/f1000research.18394.2</subfield>
   </datafield>
   <datafield ind1="8" ind2=" " tag="024">
      <subfield code="a">https://hdl.handle.net/20.500.14352/124987</subfield>
   </datafield>
   <datafield ind1="8" ind2=" " tag="024">
      <subfield code="a">https://doi.org/10.12688/f1000research.18394.2</subfield>
   </datafield>
   <datafield ind1="8" ind2=" " tag="024">
      <subfield code="a">https://f1000research.com/articles/8-290/v2</subfield>
   </datafield>
   <datafield ind1="8" ind2=" " tag="024">
      <subfield code="a">https://pubmed.ncbi.nlm.nih.gov/31508211/</subfield>
   </datafield>
   <datafield ind1="8" ind2=" " tag="024">
      <subfield code="a">https://pmc.ncbi.nlm.nih.gov/articles/PMC6719661/</subfield>
   </datafield>
   <datafield ind2="0" ind1="0" tag="245">
      <subfield code="a">Assessing knowledge of genetics in undergraduate students in Quito, Ecuador</subfield>
   </datafield>
</record></metadata></record></GetRecord></OAI-PMH>